000
00218nam a22000857a 4500
001
1235209
005
20250930112337.0
245
_a
GÜZELLİK VE ÇİRKİNLİK
_c
BRIGITTE LABBE
260
_b
GÜNIŞIĞI KİTAPLIĞI YAYINLARI
999
_c
1235209
_d
1235209